000 00278nam a2200133Ia 4500
100 _aMiller/ M.A.
942 _cBK
654 _aLian
245 _aLian Troubleshooting handbook
260 _bB.P.B. Pub
_aNew Delhi
_c1993
082 _a4.68
546 _aENGLISH
999 _c33780
_d33780